00629nam a22001817a 450000500170000001000150001702000270003203500140005903700130007308200120008610000230009824501230012126000450024427000670028930000240035650000500038070000170043020191210125302.0 aENG-127050 c1100.00a9780199494255 aEN-110582 bDBAD/PUB a324.954 aUjjwal Kumar Singh aElection commission of India :cby Ujjwal Kumar Singh [and] Anupama Roybinstitutionalising democratic uncertainties / aNew DelhibOxford University Pressc2019 a22 Workspace, 2nd Floor, 1/22 Asaf Ali RoadbNew Delhie110002 avii;365p.c22cm(Hb) aIncludes bibliographical references and index aRoy, Anupama